Cahaya
| Main Author: | |
|---|---|
| Format: | Book |
| Published: |
P.Jaya :
Pan Earth ,
1995
|
| Series: | Siri Sains Asas
|
| Subjects: |
MARC
| LEADER | 00000cam a2200000 7i4500 | ||
|---|---|---|---|
| 001 | 0000006191 | ||
| 002 | 000006682 | ||
| 005 | 20000330.0 | ||
| 020 | |a 9837503416 | ||
| 090 | 0 | 0 | |a J 500 |b GOR |
| 100 | 1 | |a Gordon, Maria | |
| 245 | 1 | 0 | |a Cahaya |c Maria Gordon ; Penterjemah Zainariah Abdul Wahab |
| 260 | |a P.Jaya : |b Pan Earth , |c 1995 | ||
| 300 | |a 32 p. : |b ill. ; |c 21 cm. | ||
| 490 | 0 | |a Siri Sains Asas | |
| 650 | 0 | 0 | |a Light |x Juvenile literature |
| 999 | |a 038564 |b BUKU |c JUNIOR BOOKS |e PERPUSTAKAAN KOMUNITI PETALING JAYA | ||